1720 1572 1935 1966 1909 1359 1120 1304 1024 1280 1495 1293 1966 1265 1590 1323 1330 1624 1201 1805 1935 1205 1171 1064 1210 1732 1915 1578 1362 1701 1477 1261 1919 1072 1474 1231 1041 1463 1947 1408 1872 1863 1164 1666 1283 1478 1391 1568 1624 1430 1517 1506 1097 1771 1495 1202 1318 1152 1505 1007 1185 1549 1224 1886 1756 1947 1978 1831 1421 1119 1780 1283 1386 1580 1253 1680 1073 1013 1344 1146 1215 1372 1545 1267 1805 1883 1709 1683 1600 1986 1850 1291 1894 1220 1203 1337 1460 1611 1913 BCNSPRNW ULIB Ver.6.0+V

เปลี่ยนเป็นภาษาไทย

Change to English
 แสดงรายละเอียดบรรณานุกรม
  กลับหน้าหลัก

Brief Record : Get Marc (ISO 2709) : E-mail record : QR code < ปิดหน้าต่าง
LEADER : 00000nam 2200000uu 4500
001    13399120203
003     ULIB
008    120912s2554||||th 000 0 tha d
020    ^a9786161106560
060  4 ^aWY161^bป472
100 0  ^aปรียสลิล ไชยวุฒิ
245 10 ^aการพยาบาลผู้ป่วยผ่าตัดเปลี่ยนข้อสะโพกเทียม :^bกรณีศึกษา /^cปรียสลิล ไชยวุฒิ
250    ^aพิมพ์ครั้งที่ 1.
260    ^aนนทบุรี :^bโครงการสวัสดิการวิชาการ สถาบันพระบรมราชชนก,^c2554.
300    ^aก-จ, 70 หน้า :^bภาพประกอบ
650  7 ^aตะโพก^xโรค^xการพยาบาล
650  7 ^aข้อตะโพก^xโรค^xการพยาบาล
650  7 ^aข้อตะโพกเทียม^xศัลยกรรม
650  7 ^aข้อตะโพกเทียม^xผู้ป่วย^xการพยาบาล
710 2  ^aสถาบันพระบรมราชชนก.^bโครงการสวัสดิการวิชาการ
945    ^p120^l0^i19514
945    ^p120^l0^i19515
945    ^p120^l0^i19516
995    ^aกัณชพร
999    ^aทศพร เกษรทอง
รายการนี้ยังไม่มีแท็ก
คุณยังไม่ได้ล็อกอิน คุณสามารถมีกิจกรรมร่วมกับเว็บไซต์ได้ แต่ต้องล็อกอินก่อน ::
  ล็อกอิน

รายการสื่อสารสนเทศ

ลำดับที่ ประเภท เลขเรียก/บาร์โค้ด สถานที่ สถานะ
1. วิทยาศาสตร์การแพทย์ และสุขภาพ
วิทยาศาสตร์การแพทย์ และสุขภาพ
สถานะ=หนังสือเก่า
WY161 ป472  
  Barcode: 19514
ห้องสมุดวิทยาเขตนครสวรรค์
►ส่วนจัดเก็บหนังสือเก่า นว.
บนชั้น
  ขอยืม
2. วิทยาศาสตร์การแพทย์ และสุขภาพ
วิทยาศาสตร์การแพทย์ และสุขภาพ
สถานะ=หนังสือเก่า
WY161 ป472 ฉ.2 
  Barcode: 19515
ห้องสมุดวิทยาเขตนครสวรรค์
►ส่วนจัดเก็บหนังสือเก่า นว.
บนชั้น
  ขอยืม
3. วิทยาศาสตร์การแพทย์ และสุขภาพ
วิทยาศาสตร์การแพทย์ และสุขภาพ
สถานะ=หนังสือเก่า
WY161 ป472 ฉ.3 
  Barcode: 19516
ห้องสมุดวิทยาเขตนครสวรรค์
►ส่วนจัดเก็บหนังสือเก่า นว.
บนชั้น
  ขอยืม

รายการใกล้เคียง
    ผู้แต่ง [ปรียสลิล ไชยวุฒิ]

BibComment


ยังไม่เคยถูกคอมเมนท์

คอมเมนท์ทรัพยากรรายการนี้
  คอมเมนท์: การพยาบาลผู้ป่วย..


 Copyright 2026. Bcnsprnw @Library